| 000 | 01135nam a2200301Ia 4500 | ||
|---|---|---|---|
| 001 | ebr10138652 | ||
| 003 | CaPaEBR | ||
| 006 | m u | ||
| 007 | cr cn||||||||| | ||
| 008 | 000308s2006 enk sb 001 0 eng d | ||
| 020 | _z0750681667 | ||
| 020 | _z0080462960 | ||
| 040 |
_aCaPaEBR _cCaPaEBR |
||
| 035 | _a(OCoLC)647549202 | ||
| 050 | 1 | 4 |
_aTK7871.58.A9 _bS45 2006eb |
| 082 | 0 | 4 |
_a621.38284 _221 |
| 100 | 1 | _aSelf, Douglas. | |
| 245 | 1 | 0 |
_aSelf on audio _h[electronic resource] / _cDouglas Self. |
| 260 |
_aOxford : _bNewnes, _c2006. |
||
| 300 | _axiii, 467 p. | ||
| 504 | _aIncludes bibliographical references and index. | ||
| 533 |
_aElectronic reproduction. _bPalo Alto, Calif. : _cebrary, _d2009. _nAvailable via World Wide Web. _nAccess may be limited to ebrary affiliated libraries. |
||
| 650 | 0 |
_aAudio amplifiers _xDesign and construction. |
|
| 650 | 0 |
_aAmplifiers (Electronics) _xDesign and construction. |
|
| 655 | 7 |
_aElectronic books. _2local |
|
| 710 | 2 | _aebrary, Inc. | |
| 856 | 4 | 0 |
_uhttp://site.ebrary.com/lib/rucke/Doc?id=10138652 _zAn electronic book accessible through the World Wide Web; click to view |
| 999 |
_c185414 _d185414 |
||